000 01159nam a2200217Ia 4500
003 Ost
005 20260507075738.0
008 260507s9999||||xx |||||||||||||| ||und||
020 _a284305493X
040 _cfsecg
041 _aara
082 _a338.9
100 _aمسعود، مجيد
_eمؤلف
245 0 _aدليل المصطلحات التنموية /
_c مجيد مسعود
260 _aدمشق:
_bدار المدى,
_c2001
300 _a279 صفحة؛
_bإيضاحات ؛
_c22 سم
504 _aالمراجع ص.271
520 _aمصطلحات على الصعيد التنموي الكلي والتخطيط له،مصطلحات على الصعيد القطاعي ونوع النشاط،مصطلحات على الصعيد الديموغرافي والاجتماعي والاداري،مصطلحات على الصعيد المحاسبي القومي والمالي،مصطلحات على صعيد المشروع،مصطلحات اسلامية في الاقتصاد،مصطلحات على صعيد المنظمات العربية والاقليمية والدولية
653 _aالمصطلحات التنموية
942 _cكتاب
999 _c46114
_d46114